Riding the Indian tiger : Understanding India--the world’s fastest growing market

Đã lưu trong:
Bibliografiske detaljer
Hovedforfatter:  Nobrega, William
Format: Sách
Sprog:Undetermined
Udgivet:  John Wiley & Sons  2008
Fag:
Tags: Tilføj Tag
Ingen Tags, Vær først til at tagge denne postø!
Thư viện lưu trữ: Trung tâm Thư viện - Trường Đại học Công nghiệp TP. Hồ Chí Minh
LEADER 00523nam a2200157Ia 4500
001 UIH_04315
008 231011s9999 xx 000 0 und d
082 |a  330.9 
100 |a  Nobrega, William 
245 0 |a  Riding the Indian tiger : Understanding India--the world’s fastest growing market 
245 0 |c  Nobrega, William 
260 |b  John Wiley & Sons 
260 |c  2008 
650 |a  Kinh tế;  
927 |a Sách 
980 |a Trung tâm Thư viện - Trường Đại học Công nghiệp TP. Hồ Chí Minh